000 00436nam a2200169 i 4500
001 34424
003 ES-MaACL
005 20230906154930.0
007 t|
008 030207s1969 sp ||||1| cat d
100 1 _aBonet, Blai.
_930112
245 1 0 _aMister Evasió /
_cBlai Bonet.
250 _a1ª ed.
260 _a[Barcelona] :
_bLlibres de Sinera,
_c[1969]
300 _a163 p. ;
_c20 cm.
852 _aES-MaACL
_jC-50438
_bR.68668
999 _c34424
_d34424